[Event "Balatonalmadi Pannonia Cup 17th"]
[Site "Balatonalmadi"]
[Date "2012.07.26"]
[Round "3"]
[White "Nagy, Bence"]
[Black "Varga, Melinda"]
[Result "1-0"]
[WhiteElo "2362"]
[BlackElo "2222"]
[PlyCount "125"]
[EventDate "2012.07.25"]
[EventType "swiss"]
[EventRounds "7"]
[EventCountry "HUN"]
[SourceTitle "EXT 2016"]
[Source "ChessBase"]
[SourceDate "2015.10.08"]
[SourceVersion "1"]
[SourceVersionDate "2015.10.08"]
[SourceQuality "1"]

1. e4 c6 2. d4 d5 3. Nc3 dxe4 4. Nxe4 Bf5 5. Ng3 Bg6 6. Bc4 e6 7. N1e2 Bd6 8. Nf4 Bxf4 9. Bxf4 Nf6 10. Bb3 0-0 11. 0-0 Nbd7 12. Re1 b5 13. c4 bxc4 14. Bxc4 Nb6 15. b3 Nfd5 16. Qd2 Nxf4 17. Qxf4 Nd5 18. Qd2 Qb6 19. Bxd5 cxd5 20. Rec1 Rfb8 21. Rc3 a5 22. Rac1 h6 23. Ne2 a4 24. b4 a3 25. Rb3 Ra4 26. b5 Rc4 27. Rxa3 Qxb5 28. Rb3 Rxc1+ 29. Nxc1 Qe8 30. Rxb8 Qxb8 31. h3 Qb1 32. f4 Be4 33. a4 Qa1 34. a5 Qa3 35. Kh2 Bb1 36. Ne2 Ba2 37. Qc3 Qxc3 38. Nxc3 Bc4 39. Na4 Bb5 40. Nc5 Kf8 41. Kg3 Ke7 42. Kf3 Kd6 43. g4 Bc6 44. g5 f6 45. h4 e5 46. fxe5+ fxe5 47. gxh6 gxh6 48. Ke3 Ba8 49. Nd3 exd4+ 50. Kxd4 Kc6 51. Ne5+ Kb5 52. Ng4 Kxa5 53. Nxh6 Kb6 54. Nf7 Bc6 55. h5 Ba4 56. h6 Bc2 57. Kxd5 Kc7 58. Ke6 Bb1 59. Ke7 Kc6 60. Nd8+ Kd5 61. Kf6 Bc2 62. Ne6 Bh7 63. Nf8 1-0